El misterio del hombre que desapareció / (Registro nro. 409)

000 -CABECERA
campo de control de longitud fija 00598nam a2200181 a 4500
001 - NÚMERO DE CONTROL
campo de control 000004596
005 - FECHA Y HORA DE LA ÚLTIMA TRANSACCIÓN
campo de control 20200120221823.0
008 - DATOS DE LONGITUD FIJA--INFORMACIÓN GENERAL
campo de control de longitud fija 990303s1989 ck a gr 000 0 spa d
020 ## - NÚMERO INTERNACIONAL ESTÁNDAR DEL LIBRO
Número Internacional Estándar del Libro 958-04-0729-0
090 ## - LOCALMENTE ASIGNADO TIPO-LC NÚMERO DE CLASIFICACIÓN (OCLC); NÚMERO DE CLASIFICACIÓN LOCAL (RLIN)
Número de clasificación (OCLC) (R) ; Numero de clasificación, CALL (RLIN) (NR) N
Número cutter local (OCLC) ; Número de libro/Signatura topográfica íntegra, CALL (RLIN) MOLM
100 0# - ENTRADA PRINCIPAL--NOMBRE DE PERSONA
Nombre de persona Molina Llorente, María Isabel
245 13 - MENCIÓN DE TÍTULO
Título El misterio del hombre que desapareció /
Mención de responsabilidad, etc. María Isabel Molina Llorente; ilustraciones de José Guillermo Peña.
260 ## - PUBLICACIÓN, DISTRIBUCIÓN, ETC.
Lugar de publicación, distribución, etc. Santafé de Bogotá :
Nombre del editor, distribuidor, etc. Norma,
Fecha de publicación, distribución, etc. 1989.
300 ## - DESCRIPCIÓN FÍSICA
Extensión 100p. : il.
490 #0 - MENCIÓN DE SERIE
Mención de serie Torre de papel ; serie azul
650 14 - PUNTO DE ACCESO ADICIONAL DE MATERIA--TÉRMINO DE MATERIA
Término de materia o nombre geográfico como elemento de entrada NOVELA INFANTIL ESPAÑOLA
700 1# - PUNTO DE ACCESO ADICIONAL--NOMBRE DE PERSONA
Nombre de persona Peña, José Guillermo . il.
Existencias
Estado de retiro Estado de pérdida Fuente del sistema de clasificación o colocación Estado dañado No para préstamo Código de colección Localización permanente Ubicación/localización actual Fecha de adquisición Número de inventario Total de préstamos Signatura topográfica completa Código de barras Fecha visto por última vez Fecha del último préstamo Número de copia Precio válido a partir de Tipo de ítem Koha Nota pública Restricciones de uso Ubicación en estantería Fuente de adquisición
          Literatura Infantil Biblioteca Pública San Juan Bosco Biblioteca Pública San Juan Bosco 20/01/2020 118668 2 N MOLM MOS008981 19/05/2023 03/05/2023 ej.2 20/01/2020 Libro Literatura Quince días      
          Literatura Infantil Biblioteca Pública San Juan Bosco Biblioteca Pública San Juan Bosco 05/05/2023     N MOLM MOS503142 05/05/2023   Ej.1 05/05/2023 Libro Literatura Quince días Procesos Técnicos Literatura Donación

© Todos los derechos reservados para la Biblioteca Pública Municipal San Juan Bosco, 2020
Secretaria de Cultura de Mosquera
Carrera 3 N° 10 Esquina Centro Cultural Barrio El Carmén Teléfono: 8270830 Ext: 34
Funcionando con KOHA
Contacto: Biblioteca Pública Municipal San Juan Bosco/ bibliotecasanjuanbosco@mosquera-cundinamarca.gov.co
Mosquera, Cundinamarca